Pictures by Letter - J - Statistics

General Stats
  • This quiz has been taken 39,881 times
  • The average score is 13 of 16
Answer Stats
Picture Answer % Correct
Joker
99%
Jupiter
98%
Jaguar
96%
Jawbone
96%
Jellyfish
96%
Jamaica
95%
Jalapeño
91%
Judaism
89%
Jockey
85%
Jazz
81%
Joust
72%
Jagger
62%
Jade
61%
Jerusalem
61%
Juniper
48%
Junk
32%
No matching quizzes found
Score Distribution
Percent of People with Each Score
Percentile by Number Answered
Your Score History
You have not taken this quiz